000 00905nam a2200253Ia 4500
003 GCL
008 140319s9999 xx 000 0 ara d
040 _aGCL /
_cGCL
082 0 4 _a320.962
_bا ص
100 1 _aاحمد بيلى
245 1 0 _aالصفوة العسكرية والبناء السياسى فى مصر /
_cاحمد بيلى
260 _a[S.N] :
_bالهيئة المصرية العامة للكتاب ،
_c1993
300 _a453 ص
490 _a
650 0 4 _aمصر
650 0 4 _aالاحوال السياسية
650 0 4 _aالعلوم السياسية
650 0 4 _aثورة 23 يوليو 1952
650 0 4 _aالجيش المصرى
650 0 4 _aالمؤسسات العسكرية
650 0 4 _aمصر - تاريخ - العصر الحديث - ثورة 1919
650 0 4 _aمصر - تاريخ - العصر الحديث - الثورة العرابية
942 _2ddc
_cBK
999 _c27869
_d27869